London (Record no. 80697)

MARC details
000 -LEADER
fixed length control field 00702cab a22001935a 4500
001 - CONTROL NUMBER
control field L145102
008 - FIXED-LENGTH DATA ELEMENTS--GENERAL INFORMATION
fixed length control field 080903l20080901xxk 000 0 eng d
035 ## - SYSTEM CONTROL NUMBER
System control number (Sirsi) u145102
041 0# - LANGUAGE CODE
Language code of text/sound track or separate title eng
110 2# - MAIN ENTRY--CORPORATE NAME
Corporate name or jurisdiction name as entry element EuroProperty
9 (RLIN) 1216
245 00 - TITLE STATEMENT
Title London
490 ## - SERIES STATEMENT
Series statement EuroProperty
Volume/sequential designation 1 September 2008, 25-31(7)
520 ## - SUMMARY, ETC.
Summary, etc. The London market is at a standstill because vendors do not want to drop prices, and investors see little reason to buy. Also developers are reluctant to start schemes with the uncertainty of a new mayor, the credit crunch and increasing costs.
590 ## - LOCAL NOTE (RLIN)
Local note KA NTK
650 24 - SUBJECT ADDED ENTRY--TOPICAL TERM
Topical term or geographic name entry element UK COMMERCIAL PROPERTY COMMENTARY
650 24 - SUBJECT ADDED ENTRY--TOPICAL TERM
Topical term or geographic name entry element CREDIT CRUNCH
651 #4 - SUBJECT ADDED ENTRY--GEOGRAPHIC NAME
Geographic name London
942 ## - ADDED ENTRY ELEMENTS (KOHA)
Suppress in OPAC 0
Holdings
Withdrawn status Lost status Source of classification or shelving scheme Damaged status Not for loan Home library Current library Shelving location Date acquired Total Checkouts Full call number Barcode Date last seen Copy number Price effective from Koha item type
    Dewey Decimal Classification     London London Journal article 08/09/2008   L145102 145102-1001 06/08/2019 1 06/08/2019 Journal article